Rotterdam - Culture générale - Statistiques

Statistiques générales
  • Ce quiz a été pris 222 fois
  • Le résultat moyen est 10 sur 15
Statistiques - réponses
Information Réponse % Correct
Pays dont elle est un centre économique majeur Pays-Bas
99%
Mer sur laquelle donne ce port Mer du Nord
96%
Pays qui a rasé la ville en 1940, forçant le pays à capituler Allemagne nazie
95%
Rang de son port en terme de taille au niveau européen 1er
94%
Troisième ville de ce pays et siège du gouvernement, à une vingtaine de kilomètres de Rotterdam La Haye
85%
Jacobus Henricus van t'Hoff de Rotterdam est le premier chimiste à recevoir ce prix Prix Nobel
82%
Province dont elle fait partie (un nom désignant parfois le pays) {Hollande}-Méridionale
74%
Un des deux grands fleuves qui constitue l'estuaire sur lequel est Rotterdam Rhin / Meuse
67%
Grand humaniste né en 1466 à Rotterdam, il a notamment donné son nom à un programme d'échange universitaire Érasme
65%
Forme géométrique des "Kubuswoningen", des maisons iconiques de la ville moderne Cubique
62%
Attaquant formé dans ce club avant de rejoindre Arsenal puis Manchester United Robin {Van} {Persie}
59%
Club de football majeur, champion d'Europe en 1970 Feyenoord
57%
Genre de musique qui englobe le mouvement Gabber né en 1990 dans la ville Électronique/Techno
38%
Ce que signifie "dam" dans le nom de la ville, en sachant que Rotte est le nom d'une rivière Digue
33%
Commandement composé d'amiraux, ce corps avait une grande influence dans les affaires militaires et économiques de la ville Amirauté
6%
Aucun quiz correspondant
Distribution des résultats
% des personnes avec chaque résultat
Percentile par nombre de réponses
Votre historique - résultats
Vous n’avez pas pris ce quiz